000 00515cam a2200193ua 4500
020 _cRs 2.50
041 _aeng
_h
082 _a150.1
_bSAN/PH
100 _aSanford, Fillmore H .
245 0 0 _aPhilosophies, methods and approaches /
_cFillmore H Sanford.
_hTextual Documents
250 _a1 /
_b.
260 _aNew Delhi :
_bPrentice Hall of India Pvt Ltd. ,
_c1964.
300 _a122 ; .
365 _aRs 2.50
504 _a
700 1 _aCapaldi John, E .
942 _cBK
999 _c1425
_d1425